| 000 | nam a22 7a 4500 | ||
|---|---|---|---|
| 999 |
_c2597 _d2597 |
||
| 005 | 20170517115216.0 | ||
| 008 | 170517b1981 ny ||||| |||| 00| 0 eng d | ||
| 020 | _a002949950X | ||
| 040 | _aAKMAL | ||
| 082 | _a620.11 HAN | ||
| 090 |
_a620.11 _bHAN |
||
| 245 | 0 |
_aFibre composite hybrid materials / _cedited by N.L. Hancox |
|
| 260 |
_aNew York _bScience & Technical Books _bMacmillan Publishing Co Inc _c1981 |
||
| 300 |
_ax,290p. : _bill. ; _c23cm |
||
| 500 | _aIncludes index. | ||
| 650 | 0 |
_aFibrous composites. _95423 |
|
| 700 | 1 |
_aHancox, N. L. _95424 |
|
| 942 |
_2ddc _cBOOK |
||